[Event "Monarch Assurance Isle of Man 15th"]
[Site "Port Erin IOM"]
[Date "2006.09.30"]
[Round "8.31"]
[White "Zozulia, Anna"]
[Black "Hutchinson, Norman A"]
[Result "1-0"]
[WhiteElo "2352"]
[BlackElo "2107"]
[PlyCount "97"]
[EventDate "2006.09.23"]
[EventType "swiss"]
[EventRounds "9"]
[EventCountry "IOM"]

1. e4 c6 2. d4 d5 3. Nc3 dxe4 4. Nxe4 Bf5 5. Ng3 Bg6 6. N1e2 e6 7. Nf4 Bd6 8.
h4 Qc7 9. Ngh5 Bxh5 10. Nxh5 g6 11. Ng3 Bxg3 12. fxg3 Qxg3+ 13. Kd2 Nf6 14. Qe2
Qf4+ 15. Qe3 Ne4+ 16. Ke1 Qxe3+ 17. Bxe3 Ng3 18. Rh3 Nxf1 19. Kxf1 h5 20. Bg5
Nd7 21. Rb3 b6 22. Rc3 Rc8 23. d5 f6 24. dxe6 Ne5 25. Re1 Ng4 26. Bf4 Ke7 27.
Ra3 Ra8 28. c4 c5 29. Rd3 Rhd8 30. Rd5 Rac8 31. g3 Ra8 32. Bc7 Rxd5 33. cxd5
Ne5 34. Bxe5 fxe5 35. Rxe5 Rf8+ 36. Ke2 Kd6 37. Rg5 Rf6 38. Ke3 Rf1 39. Rxg6
Kxd5 40. Rg5+ Kxe6 41. Rxh5 Rb1 42. Rh7 Rxb2 43. Rxa7 Kf5 44. Kf3 c4 45. g4+
Kg6 46. a4 Rb3+ 47. Kf4 Rb4 48. h5+ Kh6 49. Kf5 1-0

[Event "Monarch Assurance Isle of Man 15th"]
[Site "Port Erin IOM"]
[Date "2006.09.30"]
[Round "8.32"]
[White "Szieberth, Adam"]
[Black "Zimmerman, Yuri"]
[Result "1/2-1/2"]
[WhiteElo "2328"]
[BlackElo "2374"]
[PlyCount "24"]
[EventDate "2006.09.23"]
[EventType "swiss"]
[EventRounds "9"]
[EventCountry "IOM"]

1. e4 d6 2. d4 Nf6 3. Nc3 g6 4. f4 Bg7 5. Nf3 c5 6. Bb5+ Bd7 7. e5 Ng4 8. e6
fxe6 9. Ng5 Bxd4 10. Nxe6 Bxb5 11. Nxd8 Bf2+ 12. Kd2 Be3+ 1/2-1/2

[Event "Monarch Assurance Isle of Man 15th"]
[Site "Port Erin IOM"]
[Date "2006.09.30"]
[Round "8.33"]
[White "Collier, David"]
[Black "Cafolla, Peter"]
[Result "1/2-1/2"]
[WhiteElo "2175"]
[BlackElo "2062"]
[PlyCount "114"]
[EventDate "2006.09.23"]
[EventType "swiss"]
[EventRounds "9"]
[EventCountry "IOM"]

1. d4 d5 2. Nf3 g6 3. c4 e6 4. Bg5 f6 5. Bh4 Bg7 6. Nc3 Nh6 7. Qb3 c6 8. Bg3
Nf5 9. e3 Nxg3 10. hxg3 Qb6 11. Qc2 Nd7 12. cxd5 exd5 13. Bd3 Nf8 14. O-O f5
15. Rab1 Qd8 16. b4 Bd7 17. b5 Ne6 18. Rfc1 O-O 19. bxc6 Bxc6 20. Bb5 Rf7 21.
Bxc6 bxc6 22. Na4 Rc7 23. Rb3 Qe7 24. Nc5 Nxc5 25. Qxc5 Qxc5 26. Rxc5 Bf8 27.
Rc2 c5 28. Rb5 Rac8 29. Ng5 Rc6 30. Rb7 h6 31. Nf3 cxd4 32. Rxc6 Rxc6 33. exd4
Ra6 34. Rd7 Rxa2 35. Rxd5 Ra1+ 36. Kh2 a5 37. Rd7 a4 38. Nh4 Rd1 39. Nxg6 Bc5
40. Rd5 Bb4 41. Rd8+ Kg7 42. Nh4 Kf6 43. Ra8 a3 44. Ra6+ Kf7 45. Ra4 Ke6 46.
d5+ Ke5 47. f4+ Kxd5 48. Rxb4 a2 49. Ra4 a1=Q 50. Rxa1 Rxa1 51. Nxf5 Ra6 52.
Nh4 Ke6 53. g4 Kf6 54. Nf3 Ra4 55. g3 Ra2+ 56. Kh3 Rf2 57. Nh4 Ra2 1/2-1/2

[Event "Monarch Assurance Isle of Man 15th"]
[Site "Port Erin IOM"]
[Date "2006.09.30"]
[Round "8.34"]
[White "Groffen, Hans"]
[Black "Henderikse, Bert"]
[Result "1-0"]
[WhiteElo "2171"]
[BlackElo "2019"]
[PlyCount "95"]
[EventDate "2006.09.23"]
[EventType "swiss"]
[EventRounds "9"]
[EventCountry "IOM"]

1. d4 d5 2. Nf3 Nf6 3. Bg5 e6 4. e3 Be7 5. c4 O-O 6. Nc3 Nbd7 7. Qc2 c6 8. cxd5
exd5 9. Bd3 Re8 10. O-O Nf8 11. h3 g6 12. Rab1 Ne6 13. Bh6 Ng7 14. Bxg7 Kxg7
15. b4 a6 16. a4 Bd6 17. b5 axb5 18. axb5 Ne4 19. bxc6 bxc6 20. Nxe4 dxe4 21.
Bxe4 Be6 22. Qxc6 Rc8 23. Qa4 Bxh3 24. Bc6 Bf5 25. Bxe8 Bxb1 26. Rxb1 Qxe8 27.
Qxe8 Rxe8 28. Kf1 Ra8 29. Rb2 Re8 30. Ke2 h6 31. Kd3 f5 32. Nd2 g5 33. Nc4 Rb8
34. Ra2 Be7 35. Ne5 Rc8 36. Ra7 Kf6 37. Ra6+ Kg7 38. f3 h5 39. e4 fxe4+ 40.
fxe4 Bf6 41. Ra7+ Kg8 42. Nd7 Bd8 43. e5 h4 44. d5 Rc7 45. Rxc7 Bxc7 46. Ke4
Kf7 47. Kf5 Bd8 48. Nc5 1-0

[Event "Monarch Assurance Isle of Man 15th"]
[Site "Port Erin IOM"]
[Date "2006.09.30"]
[Round "8.35"]
[White "Savory, Richard J"]
[Black "Nicholson, John"]
[Result "1-0"]
[WhiteElo "2101"]
[BlackElo "1945"]
[PlyCount "55"]
[EventDate "2006.09.23"]
[EventType "swiss"]
[EventRounds "9"]
[EventCountry "IOM"]

1. e4 e6 2. d3 d5 3. Nd2 c5 4. g3 Nc6 5. Bg2 Nf6 6. Ngf3 Be7 7. O-O O-O 8. Re1
b5 9. e5 Nd7 10. h4 f6 11. exf6 Bxf6 12. Bh3 Nde5 13. Nxe5 Bxe5 14. f4 Bxf4 15.
gxf4 Qxh4 16. Bg2 Qxf4 17. Ne4 Qe5 18. Ng5 Qg3 19. Be3 Ne5 20. Qh5 h6 21. Bxc5
Bd7 22. Bxf8 Rxf8 23. Qe2 hxg5 24. Qxe5 Qf2+ 25. Kh1 Rf4 26. Re3 d4 27. Rh3 Rg4
28. Qb8+ 1-0

[Event "Monarch Assurance Isle of Man 15th"]
[Site "Port Erin IOM"]
[Date "2006.09.30"]
[Round "8.36"]
[White "Majer, Chris"]
[Black "Fairbairn, Stephen"]
[Result "1/2-1/2"]
[WhiteElo "1991"]
[BlackElo "2088"]
[PlyCount "40"]
[EventDate "2006.09.23"]
[EventType "swiss"]
[EventRounds "9"]
[EventCountry "IOM"]

1. e4 g6 2. d4 d6 3. Nc3 Bg7 4. f4 a6 5. Nf3 b5 6. a3 Nd7 7. Be3 Bb7 8. Be2
Ngf6 9. e5 Nd5 10. Nxd5 Bxd5 11. O-O O-O 12. Qd2 e6 13. Rac1 {(=)} Bc4 14. Rfd1
Nb6 15. Ne1 Bd5 16. Bf3 Nc4 17. Qc3 Bxf3 18. Nxf3 Qe7 19. Nd2 Nxd2 20. Qxd2 d5
1/2-1/2

[Event "Monarch Assurance Isle of Man 15th"]
[Site "Port Erin IOM"]
[Date "2006.09.30"]
[Round "8.37"]
[White "Spence, David J"]
[Black "Fraser-Mitchell, Jeremy"]
[Result "1-0"]
[WhiteElo "2205"]
[BlackElo "2077"]
[PlyCount "49"]
[EventDate "2006.09.23"]
[EventType "swiss"]
[EventRounds "9"]
[EventCountry "IOM"]

1. e4 e6 2. d4 d5 3. Nc3 Bb4 4. e5 c5 5. Bd2 Ne7 6. Nb5 Bxd2+ 7. Qxd2 O-O 8. c3
Bd7 9. Nd6 b6 10. f4 Qc7 11. Nf3 Nc8 12. Nxc8 Rxc8 13. Bd3 Nc6 14. O-O Ne7 15.
Rf2 b5 16. Raf1 Rab8 17. g4 b4 18. f5 bxc3 19. bxc3 exf5 20. Qg5 Bb5 21. Bxb5
Rxb5 22. gxf5 Qd8 23. Rg2 Qf8 24. f6 Ng6 25. h4 1-0

[Event "Monarch Assurance Isle of Man 15th"]
[Site "Port Erin IOM"]
[Date "2006.09.30"]
[Round "8.38"]
[White "Fox, Anthony"]
[Black "Marks, Ian A"]
[Result "1-0"]
[WhiteElo "2117"]
[BlackElo "1944"]
[PlyCount "93"]
[EventDate "2006.09.23"]
[EventType "swiss"]
[EventRounds "9"]
[EventCountry "IOM"]

1. e4 g6 2. d4 Bg7 3. Nf3 d6 4. Bc4 e6 5. Bb3 Nd7 6. O-O b6 7. Bg5 Ne7 8. Re1
Bb7 9. Nc3 a6 10. a4 h6 11. Be3 O-O 12. Nd2 e5 13. dxe5 dxe5 14. f3 Nc6 {(=)}
15. Nd5 Nd4 16. c3 Nxb3 17. Qxb3 Bxd5 18. Qxd5 Re8 19. Red1 Nf6 20. Qb3 Qe7 21.
Qc4 Red8 22. Nb3 Rxd1+ 23. Rxd1 Rd8 24. Rxd8+ Qxd8 25. Nd2 Qa8 26. Qxc7 b5 27.
a5 Ne8 28. Qd7 Nf6 29. Qd3 Bf8 30. Kf2 Kg7 31. Nb3 Qc8 32. Nd2 Qc7 33. Bb6 Bc5+
34. Bxc5 Qxc5+ 35. Qe3 Qd6 36. Ke2 Nd7 37. Qd3 Qxd3+ 38. Kxd3 Nc5+ 39. Kc2 Nb7
40. b4 Nd8 41. c4 bxc4 42. Kc3 Kf8 43. Kxc4 Ke7 44. Kc5 Kd7 45. Nc4 f6 46. Nb6+
Ke6 47. Nd5 1-0

[Event "Monarch Assurance Isle of Man 15th"]
[Site "Port Erin IOM"]
[Date "2006.09.30"]
[Round "8.39"]
[White "Spanton, Tim"]
[Black "Lunn, Timothy"]
[Result "1-0"]
[WhiteElo "2075"]
[BlackElo "2079"]
[PlyCount "85"]
[EventDate "2006.09.23"]
[EventType "swiss"]
[EventRounds "9"]
[EventCountry "IOM"]

1. d4 Nf6 2. Nc3 d5 3. Bg5 c6 4. e3 Nbd7 5. Nf3 Qa5 6. Qd2 e6 7. a3 Bd6 8. Bd3
O-O 9. O-O Re8 10. Rfe1 Qc7 11. e4 dxe4 12. Nxe4 Nxe4 13. Bxe4 b6 14. Rad1 Ba6
15. c3 Rac8 16. Bb1 Nf8 17. h4 f6 18. Be3 Rcd8 19. Qc2 b5 20. b4 Bc8 21. Ba2
Bd7 22. h5 Re7 23. Qe2 Be8 24. h6 g6 25. Bc1 Bf4 26. Be3 Bd6 27. Rd3 Bd7 28.
Bd2 Bf4 29. g3 Bd6 30. Re3 Rde8 31. Bb3 Kh8 32. Bc1 a5 33. Bb2 axb4 34. cxb4
Kg8 35. Nh2 Qc8 36. Ng4 Rf7 37. f4 Qd8 38. Qd3 Be7 39. Nf2 f5 40. g4 Bd6 41. d5
g5 42. Qc3 e5 43. fxe5 1-0

[Event "Monarch Assurance Isle of Man 15th"]
[Site "Port Erin IOM"]
[Date "2006.09.30"]
[Round "8.40"]
[White "De Lagontrie, Jean"]
[Black "Henrichsen, Jens"]
[Result "1-0"]
[WhiteElo "1974"]
[BlackElo "2106"]
[PlyCount "73"]
[EventDate "2006.09.23"]
[EventType "swiss"]
[EventRounds "9"]
[EventCountry "IOM"]

1. d4 Nf6 2. c4 e6 3. Nc3 Bb4 4. e3 c5 5. Nge2 cxd4 6. exd4 O-O 7. a3 Be7 8.
Nf4 Re8 9. Be2 d6 10. Be3 Nbd7 11. O-O Bf8 12. b4 a5 13. Qb3 b6 14. Bf3 Rb8 15.
Bc6 Ng4 16. h3 Nxe3 17. fxe3 Qc7 18. d5 e5 19. Nb5 Qd8 20. Ne2 Qg5 21. e4 Rd8
22. Qf3 f6 23. Na7 Be7 24. Ng3 Nf8 25. Nxc8 Rbxc8 26. Nf5 Rc7 27. h4 Qg6 28.
bxa5 bxa5 29. Rab1 Qf7 30. Rb6 Rdc8 31. Bb5 Kh8 32. Nxd6 Bxd6 33. Rxd6 Rxc4 34.
Bxc4 Rxc4 35. Rc6 Qa7+ 36. Kh2 Qd4 37. Rxf6 1-0

[Event "Monarch Assurance Isle of Man 15th"]
[Site "Port Erin IOM"]
[Date "2006.09.30"]
[Round "8.41"]
[White "Werner, Gert"]
[Black "Ormsby, Alan"]
[Result "1-0"]
[WhiteElo "2069"]
[BlackElo "1939"]
[PlyCount "123"]
[EventDate "2006.09.23"]
[EventType "swiss"]
[EventRounds "9"]
[EventCountry "IOM"]

1. Nf3 d5 2. g3 c6 3. Bg2 Bg4 4. d4 Nd7 5. O-O e6 6. b3 Ngf6 7. Bb2 Bd6 8. Nbd2
O-O 9. Ne5 Bf5 10. f3 Qc7 11. Nxd7 Nxd7 12. e4 Bg6 13. f4 f5 14. e5 Be7 15. c4
Rfc8 16. a4 Qa5 17. c5 Bh5 18. Qc2 Qd8 19. b4 b6 20. Rfe1 bxc5 21. bxc5 Nf8 22.
Bf1 a5 23. Bc3 g5 24. fxg5 Bxg5 25. Bg2 Ng6 26. Bf3 Bxd2 27. Bxh5 Bxe1 28. Bxe1
Qg5 29. Qe2 Rcb8 30. Bd2 Qe7 31. Qe1 Ra7 32. Bd1 Qc7 33. h4 Kh8 34. h5 Ne7 35.
Bg5 Ng8 36. h6 Rab7 37. Bh5 Rb2 38. Bd2 Qe7 39. Qc1 R2b3 40. Kh2 Qf8 41. Bd1
Rb2 42. Kh3 f4 43. Bxf4 Qf5+ 44. Bg4 Qe4 45. Qh1 Qxd4 46. Bxe6 R8b3 47. Kg4 Re2
48. Re1 Rxe1 49. Qxe1 Nxh6+ 50. Kh4 Ng8 51. Qxa5 Rb8 52. Qc7 Rf8 53. Bg4 Qe4
54. e6 Nf6 55. Qe5 Qh1+ 56. Bh3 Kg8 57. e7 Rf7 58. Qg5+ Kh8 59. Qxf6+ Rxf6 60.
e8=Q+ Kg7 61. Be5 Qe4+ 62. g4 1-0

[Event "Monarch Assurance Isle of Man 15th"]
[Site "Port Erin IOM"]
[Date "2006.10.01"]
[Round "9.1"]
[White "Areshchenko, Alexander"]
[Black "Bartel, Mateusz"]
[Result "1/2-1/2"]
[WhiteElo "2641"]
[BlackElo "2561"]
[PlyCount "23"]
[EventDate "2006.09.23"]
[EventType "swiss"]
[EventRounds "9"]
[EventCountry "IOM"]

1. e4 e6 2. d4 d5 3. Nc3 Bb4 4. e5 c5 5. a3 Ba5 6. b4 cxd4 7. Nb5 Bc7 8. f4 Bd7
9. Nxc7+ Qxc7 10. Bd3 a6 11. Nf3 Nc6 12. Bb2 1/2-1/2

[Event "Monarch Assurance Isle of Man 15th"]
[Site "Port Erin IOM"]
[Date "2006.10.01"]
[Round "9.3"]
[White "Postny, Evgeny"]
[Black "Kobalia, Mikhail"]
[Result "0-1"]
[WhiteElo "2591"]
[BlackElo "2647"]
[PlyCount "72"]
[EventDate "2006.09.23"]
[EventType "swiss"]
[EventRounds "9"]
[EventCountry "IOM"]

1. d4 d5 2. c4 c6 3. Nf3 Nf6 4. Nc3 e6 5. Bg5 h6 6. Bxf6 Qxf6 7. e3 Nd7 8. Bd3
dxc4 9. Bxc4 g6 10. O-O Bg7 11. b4 O-O 12. a4 e5 13. a5 exd4 14. exd4 Rd8 15.
Qb3 b5 16. Bd3 Nf8 17. Be4 Be6 18. Qc2 Bc4 19. Rfd1 Ne6 20. Bxc6 Rac8 21. Bb7
Rb8 22. a6 Nxd4 23. Nxd4 Rxd4 24. Ne4 Qe7 25. Rxd4 Bxd4 26. Rb1 Rd8 27. Qd2 Bg7
28. Qe3 Qxb4 29. Rc1 Qb2 30. h4 Qd4 31. Qa3 f5 32. Ng3 Qxh4 33. Re1 Bd4 34. Qf3
Qg4 35. Qa3 Qf4 36. Bf3 Qd2 0-1

[Event "Monarch Assurance Isle of Man 15th"]
[Site "Port Erin IOM"]
[Date "2006.10.01"]
[Round "9.4"]
[White "Krasenkow, Michal"]
[Black "Landa, Konstantin"]
[Result "1/2-1/2"]
[WhiteElo "2635"]
[BlackElo "2584"]
[PlyCount "96"]
[EventDate "2006.09.23"]
[EventType "swiss"]
[EventRounds "9"]
[EventCountry "IOM"]

1. d4 Nf6 2. c4 e6 3. Nf3 d5 4. Nc3 dxc4 5. Qa4+ Nc6 6. Qxc4 Nb4 7. Qb3 c5 8.
Bg5 cxd4 9. Rd1 Qa5 10. Bxf6 gxf6 11. Nxd4 e5 12. Ndb5 a6 13. Nd6+ Bxd6 14.
Rxd6 Ke7 15. a3 Kxd6 16. Qxf7 Nd5 17. b4 Qxa3 18. Qxd5+ Ke7 19. Qc5+ Kf7 20.
Nd5 Qa1+ 21. Kd2 Qd4+ 22. Qxd4 exd4 23. g3 b5 24. Nf4 Bb7 25. Rg1 Rhc8 26. Bh3
Rc7 27. Bf5 a5 28. bxa5 Rxa5 29. Rb1 Ke8 30. Ne6 Rd7 31. Bd3 Ke7 32. Nc5 Rc7
33. Nb3 Ra2+ 34. Kd1 Bd5 35. Nxd4 Bc4 36. Bf5 Rc5 37. Be4 h5 38. Ke1 Kd6 39. f4
Kc7 40. h4 Kb6 41. Kf2 Ka5 42. Ke3 Ra3+ 43. Kf2 Ra2 44. Ke3 Ka4 45. Rc1 Ra3+
46. Kf2 Ra2 47. Ke3 Ra3+ 48. Kf2 Ra2 1/2-1/2

[Event "Monarch Assurance Isle of Man 15th"]
[Site "Port Erin IOM"]
[Date "2006.10.01"]
[Round "9.6"]
[White "Iordachescu, Viorel"]
[Black "Golod, Vitali"]
[Result "0-1"]
[WhiteElo "2603"]
[BlackElo "2576"]
[PlyCount "60"]
[EventDate "2006.09.23"]
[EventType "swiss"]
[EventRounds "9"]
[EventCountry "IOM"]

1. e4 e5 2. Nf3 Nc6 3. Bb5 a6 4. Ba4 Nf6 5. O-O Nxe4 6. d4 b5 7. Bb3 d5 8. dxe5
Be6 9. Nbd2 Nc5 10. c3 d4 11. Ng5 Qxg5 12. Qf3 O-O-O 13. Bxe6+ fxe6 14. Qxc6
Qxe5 15. a4 dxc3 16. Nf3 Qd5 17. axb5 Rd6 18. Qe8+ Rd8 19. Qc6 Rd6 20. Qe8+ Rd8
21. Qf7 Nb3 22. Rxa6 Nxc1 23. Rxc1 Bc5 24. Re1 cxb2 25. h3 Rhf8 26. Qxg7 Rxf3
27. gxf3 Qxf3 28. Qg2 Bxf2+ 29. Qxf2 Rg8+ 30. Kf1 Qd3+ 0-1

[Event "Monarch Assurance Isle of Man 15th"]
[Site "Port Erin IOM"]
[Date "2006.10.01"]
[Round "9.7"]
[White "Khenkin, Igor"]
[Black "Kuzubov, Yuriy"]
[Result "0-1"]
[WhiteElo "2586"]
[BlackElo "2554"]
[PlyCount "78"]
[EventDate "2006.09.23"]
[EventType "swiss"]
[EventRounds "9"]
[EventCountry "IOM"]

1. d4 Nf6 2. c4 e6 3. Nf3 Bb4+ 4. Nbd2 b6 5. a3 Bxd2+ 6. Qxd2 Bb7 7. e3 d6 8.
Be2 O-O 9. O-O Nbd7 10. b4 Ne4 11. Qc2 f5 12. Bb2 Qe7 13. Rad1 a5 14. d5 e5 15.
Bd3 c6 16. Bxe4 fxe4 17. Qxe4 Nf6 18. Qh4 axb4 19. dxc6 Bxc6 20. axb4 Bxf3 21.
gxf3 Ra2 22. Rd2 Qe8 23. Qh3 h6 24. Rfd1 Nh7 25. f4 exf4 26. exf4 Rxf4 27. Rxd6
Ng5 28. Qc3 Rg4+ 29. Kf1 Ne4 30. Rd8 Nxc3 31. Rxe8+ Kf7 32. Bxc3 Kxe8 33. Rd6
Rc2 34. Be5 Re4 35. Bg3 h5 36. h3 h4 37. Bh2 Ree2 38. Bg1 Re5 39. Kg2 Rg5+ 0-1

[Event "Monarch Assurance Isle of Man 15th"]
[Site "Port Erin IOM"]
[Date "2006.10.01"]
[Round "9.8"]
[White "Paehtz, Elisabeth"]
[Black "Socko, Bartosz"]
[Result "1/2-1/2"]
[WhiteElo "2456"]
[BlackElo "2621"]
[PlyCount "83"]
[EventDate "2006.09.23"]
[EventType "swiss"]
[EventRounds "9"]
[EventCountry "IOM"]

1. e4 e6 2. d4 d5 3. Nc3 Nf6 4. e5 Nfd7 5. f4 c5 6. Nce2 Nc6 7. Nf3 Be7 8. c3
O-O 9. a3 a5 10. Ng3 f5 11. exf6 Nxf6 12. Bd3 Qb6 13. Bc2 cxd4 14. cxd4 Bd6 15.
Qd3 Bd7 16. O-O g6 17. Kh1 Ne7 18. Qe2 Nf5 19. Bd3 Rac8 20. Bd2 Rfe8 21. Rab1
a4 22. Rfe1 Qc7 23. Rbc1 Bc6 24. Nxf5 exf5 25. Ne5 Qb6 26. Be3 Rc7 27. Rc2 Rec8
28. h3 Be8 29. Rxc7 Rxc7 30. Kh2 Ne4 31. Rc1 Rxc1 32. Bxc1 Kf8 33. Be3 Qb3 34.
Qc2 Qxc2 35. Bxc2 Bb5 36. g4 fxg4 37. hxg4 Ke7 38. Kg2 Bc7 39. Kf3 Nd6 40. f5
gxf5 41. gxf5 Nf7 42. Bf4 1/2-1/2

[Event "Monarch Assurance Isle of Man 15th"]
[Site "Port Erin IOM"]
[Date "2006.10.01"]
[Round "9.12"]
[White "Korneev, Oleg"]
[Black "Sahl, Bjarke"]
[Result "1-0"]
[WhiteElo "2638"]
[BlackElo "2364"]
[PlyCount "63"]
[EventDate "2006.09.23"]
[EventType "swiss"]
[EventRounds "9"]
[EventCountry "IOM"]

1. e4 c5 2. Nf3 d6 3. d4 cxd4 4. Nxd4 Nf6 5. Nc3 a6 6. Be3 e5 7. Nf3 Qc7 8. a4
h6 9. Be2 Be6 10. O-O Be7 11. a5 Nbd7 12. Nd5 Nxd5 13. exd5 Bf5 14. c4 O-O 15.
b4 Bh7 16. Rc1 f5 17. c5 Kh8 18. cxd6 Qxd6 19. Bc5 Nxc5 20. bxc5 Qb8 21. d6 Bf6
22. Bc4 Qd8 23. Qd5 e4 24. Ne5 Bxe5 25. Qxe5 f4 26. Bd5 Rb8 27. Rfe1 e3 28.
fxe3 Rf5 29. Qd4 Qg5 30. Bf3 fxe3 31. Qxe3 Qd8 32. Bxb7 1-0

[Event "Monarch Assurance Isle of Man 15th"]
[Site "Port Erin IOM"]
[Date "2006.10.01"]
[Round "9.13"]
[White "Efimenko, Zahar"]
[Black "Sarakauskas, Gediminas"]
[Result "1-0"]
[WhiteElo "2632"]
[BlackElo "2414"]
[PlyCount "73"]
[EventDate "2006.09.23"]
[EventType "swiss"]
[EventRounds "9"]
[EventCountry "IOM"]

1. e4 e6 2. d4 d5 3. Nc3 Nf6 4. e5 Nfd7 5. f4 c5 6. Nf3 Nc6 7. Be3 a6 8. Qd2 b5
9. a3 Bb7 10. Bd3 Na5 11. O-O g6 12. Rad1 c4 13. Be2 h5 14. Ng5 Nc6 15. Nxd5
exd5 16. f5 Qa5 17. c3 gxf5 18. Rxf5 Nd8 19. Rdf1 Qb6 20. Bd1 Be7 21. Qf2 f6
22. Qh4 Nxe5 23. Bxh5+ Nef7 24. Qg4 Kf8 25. Nxf7 Nxf7 26. Qg6 Qe6 27. Bd2 Bd8
28. Rxf6 Bxf6 29. Rxf6 Qxf6 30. Qxf6 Rxh5 31. Qb6 Nd8 32. Qg6 Rh8 33. Bf4 Ke7
34. Bg5+ Kd7 35. Qg7+ Nf7 36. Qxf7+ Kc6 37. Qe6+ 1-0

[Event "Monarch Assurance Isle of Man 15th"]
[Site "Port Erin IOM"]
[Date "2006.10.01"]
[Round "9.14"]
[White "Siebrecht, Sebastian"]
[Black "Stocek, Jiri"]
[Result "0-1"]
[WhiteElo "2417"]
[BlackElo "2561"]
[PlyCount "110"]
[EventDate "2006.09.23"]
[EventType "swiss"]
[EventRounds "9"]
[EventCountry "IOM"]

1. c4 e5 2. g3 Nf6 3. Bg2 Bc5 4. Nc3 O-O 5. e3 c6 6. Nge2 d5 7. cxd5 Nxd5 8.
Nxd5 cxd5 9. d4 Bb4+ 10. Bd2 Bxd2+ 11. Qxd2 e4 12. O-O Bg4 13. f3 exf3 14. Bxf3
Qd7 15. Bxg4 Qxg4 16. Nf4 Qd7 17. Qg2 Rd8 18. Rac1 Nc6 19. Rc5 Ne7 20. Rfc1
Rac8 21. h4 Rxc5 22. Rxc5 g6 23. Qc2 Qg4 24. Qf2 Rc8 25. Rxc8+ Qxc8 26. Kh2 Qf5
27. Qg2 h5 28. Qe2 Qe4 29. Qg2 Qf5 30. Qe2 Kg7 31. Kg2 Qb1 32. Qb5 Nf5 33. Kf2
Nh6 34. Nxd5 Ng4+ 35. Ke2 Qc2+ 36. Ke1 Qf2+ 37. Kd1 Qxg3 38. Kd2 Qf2+ 39. Qe2
Qxh4 40. e4 Qg5+ 41. Kc2 h4 42. Qf3 Nh2 43. Qh3 Qg4 44. Qxh2 Qxe4+ 45. Kc3 Qxd5
46. Qxh4 Qxa2 47. Qd8 Qe6 48. Kd2 Qb6 49. Qd7 Qxb2+ 50. Kd1 Qb1+ 51. Kd2 Qa2+
52. Kd1 Qe6 53. Qd8 Qf6 54. Qd7 a5 55. d5 a4 0-1

[Event "Monarch Assurance Isle of Man 15th"]
[Site "Port Erin IOM"]
[Date "2006.10.01"]
[Round "9.15"]
[White "Neverov, Valeriy"]
[Black "Sriram, Jha"]
[Result "1-0"]
[WhiteElo "2556"]
[BlackElo "2408"]
[PlyCount "123"]
[EventDate "2006.09.23"]
[EventType "swiss"]
[EventRounds "9"]
[EventCountry "IOM"]

1. d4 d5 2. c4 c6 3. Nc3 Nf6 4. e3 a6 5. Qc2 g6 6. Bd3 Bg7 7. Nf3 O-O 8. O-O
Bg4 9. Ne5 Be6 10. c5 Nfd7 11. Nxd7 Bxd7 12. f4 f6 13. Qb3 Bc8 14. Bd2 Kh8 15.
Na4 f5 16. Nb6 Ra7 17. Ba5 Qe8 18. Qc2 Nd7 19. Na4 Nf6 20. Bb6 Ra8 21. Bc7 Be6
22. Nb6 Ra7 23. b4 Nd7 24. a4 Nxb6 25. cxb6 Ra8 26. b5 axb5 27. axb5 Rxa1 28.
Rxa1 cxb5 29. Ra7 Bc8 30. Qc5 Qf7 31. Bxb5 Qe6 32. Kf2 g5 33. Ra8 gxf4 34. Bxf4
Bf6 35. Be2 Qg8 36. Qc7 Bh4+ 37. g3 Bf6 38. Bf3 e6 39. Be2 Rd8 40. Bh5 Qf8 41.
Bf7 h6 42. Bg6 Be7 43. Be5+ Kg8 44. Rb8 Bd7 45. Rxb7 Bf6 46. Bxf6 Qxf6 47. Rb8
Rxb8 48. Qxb8+ Kg7 49. Bh5 f4 50. Qxf4 Qxf4+ 51. exf4 Bc6 52. g4 Kf6 53. h4 Bb7
54. Kg3 Ba6 55. Be8 Ke7 56. Bg6 Kf6 57. Bd3 Bb7 58. g5+ Kg7 59. Kg4 Bc8 60. Kh5
hxg5 61. fxg5 Bb7 62. g6 1-0

[Event "Monarch Assurance Isle of Man 15th"]
[Site "Port Erin IOM"]
[Date "2006.10.01"]
[Round "9.16"]
[White "Cox, John J"]
[Black "Kiriakov, Petr"]
[Result "1/2-1/2"]
[WhiteElo "2418"]
[BlackElo "2554"]
[PlyCount "199"]
[EventDate "2006.09.23"]
[EventType "swiss"]
[EventRounds "9"]
[EventCountry "IOM"]

1. d4 e6 2. c4 Nf6 3. Nc3 d5 4. cxd5 exd5 5. Bg5 c6 6. Qc2 Nbd7 7. e3 Bd6 8.
Bd3 h6 9. Bh4 O-O 10. Nge2 Re8 11. Bg3 Nb6 12. a3 Bg4 13. O-O Bxe2 14. Nxe2 Ne4
15. Bxd6 Nxd6 16. Nc3 Qh4 17. Rfe1 Re7 18. Re2 Rae8 19. Rae1 Qg5 20. e4 dxe4
21. Nxe4 Nxe4 22. Rxe4 Nd5 23. g3 Rxe4 24. Rxe4 Rd8 25. h4 Qf6 26. Qe2 Kf8 27.
Bc4 Qd6 28. h5 Nf6 29. Rf4 Re8 30. Qf3 Re1+ 31. Kg2 Re7 32. b4 a6 33. Qd1 Re4
34. Rxe4 Nxe4 35. Qg4 Qe7 36. Qc8+ Qe8 37. Qxb7 Nd6 38. Qxa6 Qe4+ 39. Kg1 Qxd4
40. Bd3 Ke7 41. Bf1 Ne4 42. Qe2 f5 43. Qf3 Ke6 44. Kg2 Kf6 45. Bd3 Nd6 46. Bxf5
Nxf5 47. g4 g6 48. gxf5 gxf5 49. Qxc6+ Kg5 50. Qf3 Qc4 51. Kh2 Qh4+ 52. Kg1 Qc4
53. Kg2 Kh4 54. Qd1 Qg8+ 55. Kh2 Qb8+ 56. Kg1 Qg8+ 57. Kf1 Qc4+ 58. Qe2 Qc1+
59. Kg2 Qxa3 60. b5 Qb4 61. Qe5 Kg5 62. f3 Qb1 63. Qc5 Qe1 64. b6 Qe2+ 65. Qf2
Qb5 66. f4+ Kxh5 67. Qf3+ Kg6 68. b7 Qb2+ 69. Kh3 Qb5 70. Kh4 Kh7 71. Qg2 Qb4
72. Qf3 Qb5 73. Kh3 Kg6 74. Kh2 Kh7 75. Kh3 Kg6 76. Qg2+ Kh7 77. Kh4 Qb4 78.
Kh5 Qb6 79. Qg3 Qc6 80. Qg8+ Kxg8 81. b8=Q+ Kf7 82. Qa7+ Ke8 83. Qb8+ Kf7 84.
Qa7+ Ke6 85. Kxh6 Qh1+ 86. Kg7 Qg2+ 87. Kf8 Qe4 88. Qc7 Qb4+ 89. Kg7 Qd4+ 90.
Kg8 Kd5 91. Kf7 Ke4 92. Kg6 Qg1+ 93. Kf7 Qg4 94. Kf6 Qxf4 95. Qc4+ Ke3 96. Qc1+
Kf3 97. Qf1+ Kg4 98. Qg2+ Qg3 99. Qxg3+ Kxg3 100. Kxf5 1/2-1/2

[Event "Monarch Assurance Isle of Man 15th"]
[Site "Port Erin IOM"]
[Date "2006.10.01"]
[Round "9.17"]
[White "Haslinger, Stewart"]
[Black "Bobras, Piotr"]
[Result "1/2-1/2"]
[WhiteElo "2423"]
[BlackElo "2535"]
[PlyCount "70"]
[EventDate "2006.09.23"]
[EventType "swiss"]
[EventRounds "9"]
[EventCountry "IOM"]

1. e4 c5 2. Nf3 d6 3. d4 cxd4 4. Nxd4 Nf6 5. Nc3 a6 6. Be3 e5 7. Nde2 Nbd7 8.
Ng3 Qc7 9. a4 b6 10. Be2 Bb7 11. O-O h5 {(=)} 12. Bxh5 d5 13. Nxd5 Nxd5 14.
exd5 Nf6 15. Bg5 Nxh5 16. Nxh5 f6 17. Nxf6+ gxf6 18. Bxf6 Bg7 19. Bxg7 Qxg7 20.
Ra3 O-O-O 21. c4 Rh4 22. Qe2 Rdh8 23. h3 Rxh3 24. Rxh3 Rxh3 25. Re1 Rh4 26. g3
Rd4 27. b3 {(=)} e4 28. Qh5 Kb8 29. Qe8+ Ka7 30. Rxe4 Rd1+ 31. Kg2 Qa1 32. Re7
Rg1+ 33. Kh2 Rh1+ 34. Kg2 Rg1+ 35. Kh2 Rh1+ 1/2-1/2

[Event "Monarch Assurance Isle of Man 15th"]
[Site "Port Erin IOM"]
[Date "2006.10.01"]
[Round "9.18"]
[White "Hebden, Mark"]
[Black "Devereaux, Max"]
[Result "1-0"]
[WhiteElo "2532"]
[BlackElo "2377"]
[PlyCount "73"]
[EventDate "2006.09.23"]
[EventType "swiss"]
[EventRounds "9"]
[EventCountry "IOM"]

1. d4 Nf6 2. Nf3 c5 3. d5 b5 4. Bg5 Ne4 5. Bf4 Bb7 6. a4 Qa5+ 7. Nbd2 Nxd2 8.
Nxd2 bxa4 9. e4 g5 10. Bxg5 Rg8 11. Be3 Ba6 12. Bxa6 Qxa6 13. g3 d6 14. c3 Nd7
15. Qxa4 Qxa4 16. Rxa4 f5 17. f3 Rb8 18. Nc4 Bg7 19. Kd2 fxe4 20. fxe4 Ne5 21.
Nxe5 Bxe5 22. b4 cxb4 23. cxb4 a5 24. bxa5 Rb2+ 25. Kd3 Rb3+ 26. Ke2 Rb2+ 27.
Bd2 Kd7 28. Rha1 Rxd2+ 29. Kxd2 Bxa1 30. Rxa1 Kc7 31. a6 Kb8 32. Rb1+ Ka8 33.
Rb7 Re8 34. Rd7 e6 35. Rxd6 exd5 36. exd5 Re5 37. Kd3 1-0